| 000 | 00680nam a2200181 a 4500 | ||
|---|---|---|---|
| 001 | 000048860 | ||
| 005 | 20240316073905.0 | ||
| 008 | 190422s2016 dr a r 000 0 spa d | ||
| 020 | _a9781535502627 | ||
| 040 |
_aDO-SdBNP _bspa _cBNPHU |
||
| 082 |
_axxxx _bR666d |
||
| 100 | 1 |
_aRobiou Lamarche, Sebastián _99669 |
|
| 245 | 1 | 0 |
_aDe aquí y de allá : _bantología de escritos en el tiempo y el espacio 1980-2016 / _cSebastián Robiou Lamarche ; presentación Marcio Veloz Maggiolo. |
| 260 |
_aSan Juan, Puerto Rico : _bPunto y coma, _c2016. |
||
| 300 |
_a424 p. : _bil. ; _c23 cm. |
||
| 504 | _aBibliografía : p. 403-416 | ||
| 700 | 1 |
_aVeloz Maggiolo, Marcio, _d1936-2021 _epres. _91104 |
|
| 999 |
_c48348 _d48348 |
||